[Event "SVK-chT2A 2223"]
[Site "Slovakia"]
[Date "2022.10.08"]
[Round "1.1"]
[White "Sekera, Branislav"]
[Black "Liptak, Tomas"]
[Result "0-1"]
[WhiteElo "2051"]
[BlackElo "2222"]
[PlyCount "94"]
[EventDate "2022.10.08"]
[EventType "team-tourn"]
[EventRounds "11"]
[EventCountry "SVK"]
[SourceTitle "CBM 210 Extra"]
[Source "ChessBase"]
[SourceDate "2022.11.30"]
[SourceVersion "1"]
[SourceVersionDate "2022.11.30"]
[SourceQuality "1"]
[WhiteTeam "Modranka Komplet"]
[BlackTeam "Cifer"]
[WhiteTeamCountry "SVK"]
[BlackTeamCountry "SVK"]

1. Nf3 f5 2. g3 Nf6 3. d3 g6 4. Bg2 Bg7 5. 0-0 0-0 6. c3 Nc6 7. b4 Qe8 8. a4 e5 9. Na3 d6 10. Rb1 h6 11. Nd2 Rb8 12. Nb5 Qd7 13. e4 a6 14. Na3 f4 15. Nb3 Nh5 16. b5 axb5 17. axb5 Nd8 18. d4 Qf7 19. Re1 Ne6 20. dxe5 Bxe5 21. Qc2 Ng5 22. Nd4 Kh7 23. Kh1 Bd7 24. Rb4 Bh3 25. Bxh3 Nxh3 26. g4 Nf6 27. f3 h5 28. gxh5 Nxh5 29. Qg2 Qd7 30. Nc4 Bf6 31. Bd2 Ra8 32. Rb2 Bh4 33. Rf1 Ra4 34. e5 Nf2+ 35. Rxf2 Bxf2 36. Qxf2 Rxc4 37. e6 Qe7 38. Ra2 Ng7 39. Ra7 b6 40. Qg2 Rc5 41. Qh3+ Rh5 42. Qg4 Rf6 43. Bxf4 Nxe6 44. Nc6 Qf7 45. Bxd6 Rxf3 46. Bg3 Rxc3 47. Qe2 Rxg3 0-1

[Event "SVK-chT2A 1415"]
[Site "Slovakia"]
[Date "2015.02.01"]
[Round "7.2"]
[White "Sekera, Branislav"]
[Black "Kleman, Miroslav"]
[Result "1/2-1/2"]
[WhiteElo "2207"]
[BlackElo "2230"]
[PlyCount "82"]
[EventDate "2014.10.11"]
[EventType "team-tourn"]
[EventRounds "11"]
[EventCountry "SVK"]
[SourceTitle "EXT 2016"]
[Source "ChessBase"]
[SourceDate "2015.10.08"]
[SourceVersion "1"]
[SourceVersionDate "2015.10.08"]
[SourceQuality "1"]
[WhiteTeam "Trnava Modranka"]
[BlackTeam "Modra II"]
[WhiteTeamCountry "SVK"]
[BlackTeamCountry "SVK"]

1. d4 Nf6 2. Nf3 e6 3. Bg5 d5 4. e3 Be7 5. Bd3 0-0 6. 0-0 Nbd7 7. c4 a6 8. Nc3 dxc4 9. Bxc4 b5 10. Bd3 c5 11. Rc1 Qb6 12. Bb1 Bb7 13. Ne5 Rfe8 14. Nxd7 Nxd7 15. Bxe7 Rxe7 16. Qh5 f5 17. Qg5 Rae8 18. Rfd1 cxd4 19. Rxd4 h6 20. Qg3 Nf6 21. Rcd1 Rc7 22. Qg6 Qc5 23. a3 Qe7 24. Ba2 Qf7 25. Qg3 Kh7 26. Qe5 Ng4 27. Qg3 Nf6 28. Rd6 Ree7 29. f3 Rc5 30. Qf4 g5 31. Qd4 Rcc7 32. Qe5 Nd7 33. Qd4 Nf8 34. e4 Qg7 35. e5 Bc8 36. Re1 Red7 37. Qe3 Re7 38. Kf2 Ng6 39. g3 Nf8 40. Red1 Ng6 41. Re1 Nf8 1/2-1/2

[Event "SVK-chT2A 1415"]
[Site "Slovakia"]
[Date "2014.11.09"]
[Round "4.1"]
[White "Sekera, Branislav"]
[Black "Balogh, Tomas"]
[Result "0-1"]
[WhiteElo "2207"]
[BlackElo "2358"]
[PlyCount "142"]
[EventDate "2014.10.11"]
[EventType "team-tourn"]
[EventRounds "11"]
[EventCountry "SVK"]
[SourceTitle "EXT 2016"]
[Source "ChessBase"]
[SourceDate "2015.10.08"]
[SourceVersion "1"]
[SourceVersionDate "2015.10.08"]
[SourceQuality "1"]
[WhiteTeam "Trnava Modranka"]
[BlackTeam "Bratislava Lokomotiva"]
[WhiteTeamCountry "SVK"]
[BlackTeamCountry "SVK"]

1. Nf3 d5 2. d4 Nf6 3. Bg5 e6 4. e3 h6 5. Bh4 Nbd7 6. Be2 c5 7. 0-0 Be7 8. Nbd2 0-0 9. c3 b6 10. Qc2 Bb7 11. Rad1 Qc7 12. Bg3 Bd6 13. Bxd6 Qxd6 14. Rfe1 Rac8 15. Qa4 Bc6 16. Qc2 Qc7 17. Bf1 Rfd8 18. g3 e5 19. dxe5 Nxe5 20. Bg2 Nxf3+ 21. Nxf3 Re8 22. Qf5 Rcd8 23. h3 Rd6 24. Qb1 g6 25. Qc1 Bb7 26. Nd2 Rde6 27. b3 Kh7 28. c4 dxc4 29. Bxb7 Qxb7 30. Qxc4 Rd8 31. Nb1 Red6 32. Nc3 Kg7 33. Rxd6 Rxd6 34. Rd1 Rxd1+ 35. Nxd1 Qd7 36. Nc3 Qxh3 37. Ne4 Qe6 38. Nxf6 Qxf6 39. Qa6 Qe7 40. Kf1 h5 41. Ke2 Qd7 42. Ke1 Kh6 43. Ke2 g5 44. Ke1 f6 45. Qc4 Kg7 46. Qe4 b5 47. Qf3 g4 48. Qf4 a6 49. Qe4 Qc7 50. Qf5 Qe5 51. Qd7+ Kh6 52. Qd2 Qa1+ 53. Ke2 c4 54. bxc4 bxc4 55. Qc2 c3 56. Kd3 Qe1 57. a4 Kg5 58. a5 h4 59. gxh4+ Kxh4 60. Kc4 Kh3 61. Qh7+ Kg2 62. Qe4+ Kxf2 63. Qf4+ Ke2 64. Qxg4+ Kd2 65. Qd4+ Kc2 66. Qe4+ Kb2 67. Qb7+ Kc1 68. Qe7 Qe2+ 69. Kxc3 Qd2+ 70. Kc4 Qxa5 71. Qxf6 Qb5+ 0-1

[Event "SVK-chT3A2 1213"]
[Site "Slovakia"]
[Date "2013.01.27"]
[Round "7.2"]
[White "Sekera, Branislav"]
[Black "Darazs, Zoltan"]
[Result "1-0"]
[WhiteElo "2153"]
[BlackElo "2124"]
[PlyCount "111"]
[EventDate "2012.10.07"]
[EventType "team-tourn"]
[EventRounds "11"]
[EventCountry "SVK"]
[SourceTitle "EXT 2015"]
[Source "ChessBase"]
[SourceDate "2014.11.20"]
[SourceVersion "1"]
[SourceVersionDate "2014.11.20"]
[SourceQuality "1"]
[WhiteTeam "Trnava Modranka"]
[BlackTeam "Potonska Veza"]
[WhiteTeamCountry "SVK"]
[BlackTeamCountry "SVK"]

1. Nf3 Nf6 2. e3 g6 3. b3 Bg7 4. Bb2 0-0 5. Be2 d6 6. 0-0 e5 7. d3 Nc6 8. Nbd2 h6 9. Ne1 Re8 10. a3 a5 11. Kh1 Be6 12. Rb1 d5 13. Nef3 Nd7 14. e4 d4 15. Bc1 f5 16. exf5 gxf5 17. Ng1 Nf6 18. Ra1 Nd5 19. Bb2 Nf4 20. Bf3 Kh7 21. g3 Ng6 22. Bg2 Bd5 23. Qh5 Bxg2+ 24. Kxg2 Qd5+ 25. f3 Qf7 26. Nh3 Kg8 27. Kg1 Nce7 28. g4 Nf4 29. Nxf4 exf4 30. Qxf7+ Kxf7 31. a4 Nd5 32. gxf5 Ne3 33. Rf2 Nxc2 34. Rc1 Re1+ 35. Rf1 Rxf1+ 36. Nxf1 Nb4 37. Rxc7+ Kg8 38. Nd2 Nxd3 39. Ba3 Ne5 40. Kf2 Bf6 41. Bd6 Bh4+ 42. Kg2 Re8 43. Ne4 Bg5 44. f6 Nf7 45. Be7 Rb8 46. Kh3 b5 47. Kg4 bxa4 48. bxa4 Rb1 49. Kf5 d3 50. Rc8+ Kh7 51. Rf8 Nh8 52. Rd8 Ra1 53. Rxd3 Rxa4 54. Rd7 Kg8 55. Rd8+ Kh7 56. Rxh8+ 1-0

[Event "SVK-chT3A2 1213"]
[Site "Slovakia"]
[Date "2012.11.18"]
[Round "4.6"]
[White "Sekera, Branislav"]
[Black "Gasa, Andrej"]
[Result "1/2-1/2"]
[WhiteElo "2153"]
[BlackElo "2282"]
[PlyCount "146"]
[EventDate "2012.10.07"]
[EventType "team-tourn"]
[EventRounds "11"]
[EventCountry "SVK"]
[SourceTitle "EXT 2015"]
[Source "ChessBase"]
[SourceDate "2014.11.20"]
[SourceVersion "1"]
[SourceVersionDate "2014.11.20"]
[SourceQuality "1"]
[WhiteTeam "Trnava Modranka"]
[BlackTeam "Senica SK"]
[WhiteTeamCountry "SVK"]
[BlackTeamCountry "SVK"]

1. Nf3 d5 2. d4 Nf6 3. Bf4 c6 4. e3 Bg4 5. c3 Nbd7 6. Be2 e6 7. Nbd2 Be7 8. h3 Bh5 9. Rc1 0-0 10. 0-0 Qb6 11. c4 c5 12. cxd5 exd5 13. b3 Rac8 14. dxc5 Bxc5 15. Ne5 Nxe5 16. Bxe5 Bxe2 17. Qxe2 Rfe8 18. Nf3 Ne4 19. Bd4 Bxd4 20. Rxc8 Rxc8 21. Nxd4 Nf6 22. Rd1 a6 23. Qd3 Qb4 24. Qf5 Qc5 25. Qg5 h6 26. Qg3 Qc7 27. Qf3 Qe5 28. Qe2 g6 29. Qd2 Qe7 30. Nf3 Rc6 31. Nd4 Rc5 32. Nf3 Rc6 33. Nd4 Rc5 34. Rc1 Qc7 35. Rxc5 Qxc5 36. Qc2 Qxc2 37. Nxc2 Kf8 38. f3 Ke7 39. Kf2 Kd6 40. Ke2 Ng8 41. Kd3 Ne7 42. Nd4 Kc5 43. Kc3 Nc8 44. h4 Ne7 45. a3 Kd6 46. g4 Kc5 47. f4 b6 48. Nf3 f6 49. Nd4 Kd6 50. Kd3 a5 51. Kc3 f5 52. g5 h5 53. Nf3 Nc6 54. Ne1 Kc5 55. Nd3+ Kd6 56. Nb2 Na7 57. Nd3 Nc6 58. b4 axb4+ 59. axb4 Ke6 60. b5 Ne7 61. Ne5 Kd6 62. Kd4 Ke6 63. Kc3 Kd6 64. Kb4 Ke6 65. Kc3 Kd6 66. Kd4 Ke6 67. Nc6 Nxc6+ 68. bxc6 Kd6 69. c7 Kxc7 70. Kxd5 Kd7 71. Ke5 Ke7 72. Kd5 Kd7 73. Ke5 Ke7 1/2-1/2

[Event "SVK-chT2A 1112"]
[Site "Slovakia"]
[Date "2012.01.29"]
[Round "9.2"]
[White "Janos, Martin"]
[Black "Sekera, Branislav"]
[Result "1-0"]
[WhiteElo "2252"]
[BlackElo "2151"]
[PlyCount "73"]
[EventDate "2011.10.08"]
[EventType "team-tourn"]
[EventRounds "11"]
[EventCountry "SVK"]
[SourceTitle "EXT 2013"]
[Source "ChessBase"]
[SourceDate "2012.11.22"]
[SourceVersion "1"]
[SourceVersionDate "2012.11.22"]
[SourceQuality "1"]
[WhiteTeam "Bratislava Doprastav II"]
[BlackTeam "Trnava Modranka"]
[WhiteTeamCountry "SVK"]
[BlackTeamCountry "SVK"]

1. d4 d5 2. Nf3 Nf6 3. c4 e6 4. Nc3 c6 5. Qb3 Nbd7 6. cxd5 exd5 7. Bf4 Be7 8. h3 0-0 9. e3 Re8 10. Be2 Nf8 11. 0-0 Ng6 12. Bh2 Bf8 13. Rfe1 Ne4 14. Nxe4 Rxe4 15. Bd3 Re7 16. Rad1 Be6 17. Ng5 Bc8 18. f4 Re8 19. e4 Be7 20. exd5 Bxg5 21. fxg5 cxd5 22. Bc7 Rxe1+ 23. Rxe1 Qf8 24. Qxd5 Be6 25. Qxb7 Rc8 26. Ba6 Re8 27. d5 Bxh3 28. Rxe8 Qxe8 29. Qb8 Bd7 30. Qxe8+ Bxe8 31. Bb8 Ne7 32. Bb7 a5 33. Bd6 Nf5 34. Bc5 f6 35. Bc8 Ng3 36. d6 Ne4 37. b4 1-0

[Event "SVK-chT3A2 1011"]
[Site "Slovakia"]
[Date "2011.03.13"]
[Round "10.2"]
[White "Kocak, Branislav"]
[Black "Sekera, Branislav"]
[Result "0-1"]
[WhiteElo "1927"]
[BlackElo "2149"]
[PlyCount "162"]
[EventDate "2010.10.17"]
[EventType "team-tourn"]
[EventRounds "11"]
[EventCountry "SVK"]
[SourceTitle "EXT 2019"]
[Source "ChessBase"]
[SourceDate "2018.10.10"]
[SourceVersion "1"]
[SourceVersionDate "2018.10.10"]
[SourceQuality "1"]
[WhiteTeam "Gbely Nafta"]
[BlackTeam "Trnava Modranka"]
[WhiteTeamCountry "SVK"]
[BlackTeamCountry "SVK"]

1. d4 d5 2. c4 e6 3. Nf3 Nf6 4. Bg5 Be7 5. Nc3 0-0 6. e3 c6 7. Bd3 Nbd7 8. 0-0 Re8 9. e4 dxe4 10. Nxe4 Nxe4 11. Bxe7 Qxe7 12. Bxe4 Nf6 13. Re1 Nxe4 14. Rxe4 b6 15. Re3 Bb7 16. Qe2 Rad8 17. Rd1 Qb4 18. c5 Qb5 19. Qxb5 cxb5 20. cxb6 axb6 21. Rb3 Rd5 22. Rc1 Re7 23. a4 bxa4 24. Rxb6 f6 25. Rb4 Ra5 26. Nd2 Bd5 27. f3 a3 28. bxa3 Rxa3 29. Nc4 Ra2 30. Ne3 Rd2 31. Rc2 Rd3 32. Kf2 Bb7 33. Rcb2 Bc6 34. Ke2 Ra3 35. Nc2 Ra5 36. Rb6 Bd5 37. Ne3 h6 38. Nxd5 Rxd5 39. Ke3 Rdd7 40. g3 Kf7 41. h4 Kg6 42. R6b5 Ra7 43. R5b4 h5 44. R2b3 Kh6 45. f4 Kg6 46. Kf3 Ra1 47. Rb1 Rea7 48. Rxa1 Rxa1 49. Rb6 Ra3+ 50. Kf2 Kf5 51. Rb5+ Kg4 52. Rb6 Rxg3 53. Rxe6 Kxf4 54. Ke2 Kf5 55. d5 Rg4 56. Ke3 Rxh4 57. Re7 Rh1 58. Rxg7 Ke5 59. Rg6 Rf1 60. Rh6 Rf5 61. d6 Kxd6 62. Kd4 Ke6 63. Ke4 Ra5 64. Rh8 Ra4+ 65. Kf3 h4 66. Rb8 Kf5 67. Rb5+ Kg6 68. Rb8 Kg5 69. Rg8+ Kf5 70. Rh8 Ra3+ 71. Kg2 Kg4 72. Rg8+ Kf4 73. Rb8 f5 74. Rb7 Rg3+ 75. Kf2 Ra3 76. Rb4+ Kg5 77. Rb8 Kg4 78. Rg8+ Kf4 79. Rh8 Ra2+ 80. Kg1 Kf3 81. Rxh4 Kg3 0-1

[Event "SVK-chT3A2 0809"]
[Site "Slovakia"]
[Date "2009.03.22"]
[Round "10.1"]
[White "Sekera, Branislav"]
[Black "Abel, Peter"]
[Result "1/2-1/2"]
[WhiteElo "2138"]
[BlackElo "2176"]
[PlyCount "98"]
[EventDate "2008.10.19"]
[EventType "team-tourn"]
[EventRounds "11"]
[EventCountry "SVK"]
[SourceTitle "EXT 2010"]
[Source "ChessBase"]
[SourceDate "2010.11.25"]
[SourceVersion "1"]
[SourceVersionDate "2010.11.25"]
[SourceQuality "1"]
[WhiteTeam "Trnava Modranka"]
[BlackTeam "Piestany Kupele II"]
[WhiteTeamCountry "SVK"]
[BlackTeamCountry "SVK"]

1. d3 d5 2. Nf3 c5 3. g3 Nc6 4. Bg2 e5 5. 0-0 Bd6 6. c3 Nge7 7. Nbd2 f6 8. a3 Be6 9. b4 Qd7 10. Re1 0-0 11. e4 Rac8 12. Nf1 Rfd8 13. Bb2 cxb4 14. axb4 a6 15. Qa4 dxe4 16. dxe4 Na7 17. Qxd7 Rxd7 18. Ne3 Nb5 19. Rac1 Rdc7 20. Rcd1 Rc6 21. Bf1 Bb8 22. c4 Nd6 23. Nd2 Rd8 24. Nd5 Kf7 25. Kg2 b5 26. c5 Ne8 27. Nxe7 Kxe7 28. Nf3 Rxd1 29. Rxd1 Rc8 30. Ra1 Nc7 31. Bc3 Rd8 32. Be2 Bc8 33. Ne1 Ne6 34. Nc2 g6 35. f3 f5 36. exf5 gxf5 37. Rd1 Rxd1 38. Bxd1 f4 39. Kf2 Bb7 40. Be2 e4 41. g4 Ng5 42. h4 exf3 43. hxg5 fxe2 44. Kxe2 Ke6 45. Nd4+ Kd5 46. Nf5 Ke4 47. Ne7 Bd5 48. g6 hxg6 49. Nxg6 Bc4+ 1/2-1/2

[Event "SVK-chT3A2 0809"]
[Site "Slovakia"]
[Date "2009.02.08"]
[Round "7.1"]
[White "Sekera, Branislav"]
[Black "Lesny, Stefan"]
[Result "1-0"]
[WhiteElo "2138"]
[BlackElo "2105"]
[PlyCount "87"]
[EventDate "2008.10.19"]
[EventType "team-tourn"]
[EventRounds "11"]
[EventCountry "SVK"]
[SourceTitle "EXT 2010"]
[Source "ChessBase"]
[SourceDate "2010.11.25"]
[SourceVersion "1"]
[SourceVersionDate "2010.11.25"]
[SourceQuality "1"]
[WhiteTeam "Trnava Modranka"]
[BlackTeam "Dunajska Streda SK III"]
[WhiteTeamCountry "SVK"]
[BlackTeamCountry "SVK"]

1. Nf3 d5 2. g3 c5 3. Bg2 Nc6 4. 0-0 e5 5. d3 Nf6 6. Nc3 h6 7. Bd2 Be6 8. e3 Rc8 9. Nh4 Be7 10. f4 Bg4 11. Qe1 g5 12. fxe5 gxh4 13. exf6 Bd6 14. Nxd5 hxg3 15. hxg3 Rg8 16. e4 Be6 17. Nf4 Qd7 18. Bc3 Ne5 19. Nh5 Rg6 20. Ng7+ Kd8 21. Nf5 Kc7 22. d4 cxd4 23. Bxd4 Nc6 24. Nxd6 Qxd6 25. Be3 Kb8 26. Rd1 Qb4 27. c3 Qxb2 28. Rb1 Qa3 29. Rf2 Nd8 30. Bd4 Rg5 31. Qe3 Nc6 32. Rfb2 Rc7 33. e5 Nd8 34. Qf3 Qa6 35. Qf2 Bc8 36. Bf1 Qa5 37. Rb5 Qa4 38. R1b4 Qa3 39. Bc5 Qxc3 40. Bxa7+ Ka8 41. Be3 Bd7 42. Ra5+ Kb8 43. Bxg5 Nc6 44. Bd2 1-0

[Event "SVK-chT1W 0203"]
[Site "Slovakia"]
[Date "2002.10.13"]
[Round "2.5"]
[White "Duris, Ivan"]
[Black "Sekera, Branislav"]
[Result "1-0"]
[WhiteElo "2023"]
[BlackElo "2128"]
[PlyCount "54"]
[EventDate "2002.10.12"]
[EventType "team-tourn"]
[EventRounds "11"]
[EventCountry "SVK"]
[SourceTitle "EXT 2005"]
[Source "ChessBase"]
[SourceDate "2004.11.15"]
[SourceVersion "1"]
[SourceVersionDate "2004.11.15"]
[SourceQuality "1"]
[WhiteTeam "Bratislava Slovan"]
[BlackTeam "Senica"]
[WhiteTeamCountry "SVK"]
[BlackTeamCountry "SVK"]

1. e4 c6 2. d4 d6 3. Bc4 d5 4. exd5 cxd5 5. Bd3 Nf6 6. Bg5 e6 7. Nf3 Be7 8. Nbd2 Qb6 9. Rb1 Bd7 10. Qe2 Nc6 11. c3 a6 12. 0-0 Rc8 13. Rfd1 0-0 14. Ne5 Qd8 15. Ndf3 Na7 16. Re1 Bb5 17. Rbd1 Bxd3 18. Rxd3 b5 19. Nd2 Nd7 20. Bxe7 Qxe7 21. Nxd7 Qxd7 22. Rh3 Nc6 23. Nf3 Qd8 24. Qd2 Ne7 25. Re5 Ng6 26. Reh5 h6 27. Rxh6 gxh6 1-0

[Event "SVK-chT2W 0102"]
[Site "Slovakia"]
[Date "2002.01.12"]
[Round "7.4"]
[White "Sukuba, Zdeno"]
[Black "Sekera, Branislav"]
[Result "1/2-1/2"]
[WhiteElo "2104"]
[BlackElo "2142"]
[PlyCount "28"]
[EventDate "2001.10.??"]
[EventType "team"]
[EventRounds "11"]
[EventCountry "SVK"]
[SourceTitle "EXT 2006"]
[Source "ChessBase"]
[SourceDate "2005.11.24"]
[SourceVersion "1"]
[SourceVersionDate "2005.11.24"]
[SourceQuality "1"]

1. Nf3 d5 2. c4 e6 3. g3 Nf6 4. Bg2 Nbd7 5. 0-0 Be7 6. d4 0-0 7. Nc3 c6 8. a4 Re8 9. Nd2 Bf8 10. e4 dxe4 11. Ndxe4 Nxe4 12. Nxe4 h6 13. Bf4 Nf6 14. Nxf6+ Qxf6 1/2-1/2

[Event "SVK-chT2W 0102"]
[Site "Slovakia"]
[Date "2001.11.17"]
[Round "3.4"]
[White "Sekera, Branislav"]
[Black "Kovacocy, Pavol"]
[Result "1/2-1/2"]
[WhiteElo "2142"]
[BlackElo "2224"]
[PlyCount "23"]
[EventDate "2001.10.??"]
[EventType "team"]
[EventRounds "11"]
[EventCountry "SVK"]
[SourceTitle "EXT 2006"]
[Source "ChessBase"]
[SourceDate "2005.11.24"]
[SourceVersion "1"]
[SourceVersionDate "2005.11.24"]
[SourceQuality "1"]

1. Nf3 Nf6 2. g3 g6 3. Bg2 Bg7 4. 0-0 0-0 5. d4 d6 6. c4 Nbd7 7. Nc3 e5 8. dxe5 dxe5 9. e4 c6 10. h3 Qe7 11. Be3 Rd8 12. Qe2 1/2-1/2

[Event "SVK-chT3A 0001"]
[Site "Slovakia"]
[Date "2000.??.??"]
[Round "1"]
[White "Machalova, Maria"]
[Black "Sekera, Branislav"]
[Result "1-0"]
[WhiteElo "2063"]
[BlackElo "2184"]
[PlyCount "70"]
[EventDate "2000.??.??"]
[EventType "team"]
[EventRounds "9"]
[EventCountry "SVK"]
[SourceTitle "EXT 2002"]
[Source "ChessBase"]
[SourceDate "2001.11.25"]
[SourceVersion "1"]
[SourceVersionDate "2001.11.25"]
[SourceQuality "1"]

1. c4 Nf6 2. Nc3 e5 3. g3 Nc6 4. Bg2 d6 5. d3 Bg4 6. h3 Bd7 7. e3 Qc8 8. Nge2 Ne7 9. f4 Ng6 10. e4 Be7 11. Be3 exf4 12. Nxf4 Ne5 13. b3 Ng6 14. Qe2 a5 15. Ncd5 Nxf4 16. Nxf4 0-0 17. 0-0 Rb8 18. Bd4 c5 19. Bc3 b6 20. Rae1 Re8 21. Qf2 Bc6 22. Nh5 Qe6 23. e5 Bxg2 24. exf6 Qxh3 25. Qxg2 Qxh5 26. fxe7 Qg5 27. Bd2 Qg6 28. Qf3 h5 29. Bf4 b5 30. cxb5 Rxb5 31. Bxd6 Rb4 32. Qf5 Qxd6 33. Qxf7+ Kh7 34. Qxh5+ Qh6 35. Qxe8 Rg4 1-0